LIBRARY & INFORMATION CENTRE, KCAET, TAVANUR

ONLINE PUBLIC ACCESS CATALOGUE (OPAC)

Prem prasoon / (Record no. 6422)

MARC details
000 -LEADER
fixed length control field 00416cam a2200181ua 4500
041 ## - LANGUAGE CODE
Language code of text/sound track or separate title hin
082 ## - DEWEY DECIMAL CLASSIFICATION NUMBER
Classification number 891.54
Item number PRE/PE
100 ## - MAIN ENTRY--AUTHOR NAME
Personal name Premchand, .
245 ## - TITLE STATEMENT
Title Prem prasoon /
250 ## - EDITION STATEMENT
Edition statement 1 /
260 ## - PUBLICATION, DISTRIBUTION, ETC. (IMPRINT)
Place of publication New Delhi :
Name of publisher Saraswathi Press ,
Year of publication 1962.
300 ## - PHYSICAL DESCRIPTION
Number of Pages 183 ; .
942 ## - ADDED ENTRY ELEMENTS (KOHA)
Koha item type Books
Holdings
Withdrawn status Lost status Damaged status Home library Current library Date acquired Full call number Accession Number Koha item type
Withdrawn     KAUAET KAUAET 07/04/2012 891.54 2848 Books
free website counter